Propuesta de Ordenanza para estudiantes: Validación Pruebas Nacionales y record de calificaciones (Record no. 9474)

MARC details
000 -LEADER
campo de control de longitud fija 00448nam a2200133Ia 4500
001 - NÚMERO DE CONTROL
campo de control 3114
008 - DATOS DE LONGITUD FIJA--INFORMACIÓN GENERAL
campo de control de longitud fija 241024s9999 xx 000 0 und d
082 ## - NÚMERO DE LA CLASIFICACIÓN DECIMAL DEWEY
Número de clasificación RD/352.14/R426o/2010-2011
100 ## - ENTRADA PRINCIPAL--NOMBRE DE PERSONA
Nombre de persona República Dominicana. Ministerio de Educación. MINERD
245 #0 - MENCIÓN DEL TÍTULO
Título Propuesta de Ordenanza para estudiantes: Validación Pruebas Nacionales y record de calificaciones
260 ## - PUBLICACIÓN, DISTRIBUCIÓN, ETC.
Nombre del editor, distribuidor, etc. Santo Domingo
Fecha de publicación, distribución, etc. 2011
901 ## - ELEMENTOS DE DATOS A LOCAL LDA (RLIN)
a 8/8/2013 10:52:19 a.m.

No items available.

© 2024. Todos los Derechos Reservados. Desarrollado por IDEICE